000
00305nam a22001337a 4500
008
170527b xxu||||| |||| 00| 0 eng d
020
_a
0444879013
041
_a
eng
080
_a
621
100
_a
25
101
_a
IM
245
_a
TECHNIQUES FOR 3-D MACHINE PERCEPTION
_c
ROSENFELD, A
942
_2
udc
_c
BK
999
_c
14625
_d
14625